Statistics for Cold War Events

Click here to take the quiz!

General Stats

  • This quiz has been taken 984 times
    (983 since last reset)
  • The average score is 4 of 9

Answer Stats

HintAnswer% Correct
Major Fighting inclunding U.N and U.S and communist ChinaKorean war
82%
Major communist and Democracy war in South Asia.Vietnam War
67%
Pact which USSR formed a group with all of it's sitellite NationsWarsaw Pact
64%
Democracy pactNATO
61%
Who was Soviet Russia's leader in the begining of the Cold War?Joseph Stalin
52%
Major ending point in war(Europe)Berlin Wall
38%
First Major Conflict in Cold WarBerlin Airlift
15%
Crisis where communists put missiles near USACuban Missle Crisis
14%
Major Named Leader in Cold War(Vietnam ,Cuba, ect) Ussr.Nikita Khrushchev
13%

Score Distribution

Percentile by Number Answered

Percent of People with Each Score

Your Score History

You have not taken this quiz since the last reset